000 00212nam a22000977a 4500
003 SGT
245 _aJournal of Oral & maxillofacial Surgery
260 _bElsevier Publisher
_c2012
300 _a800
942 _2ddc
_cBV
999 _c30258
_d30258